Brilliant boats / (Record no. 50181)
| 000 -LEADER | |
|---|---|
| fixed length control field | 00308nam a2200109 4500 |
| 020 ## - INTERNATIONAL STANDARD BOOK NUMBER | |
| International Standard Book Number | 9781447212638 |
| 100 ## - MAIN ENTRY--PERSONAL NAME | |
| Personal name | Mitton, Tony |
| 9 (RLIN) | 61308 |
| 245 ## - TITLE STATEMENT | |
| Title | Brilliant boats / |
| Statement of responsibility, etc | Tony Mitton & Ant Parker |
| 260 ## - PUBLICATION, DISTRIBUTION, ETC. (IMPRINT) | |
| Place of publication, distribution, etc | London |
| Name of publisher, distributor, etc | Macmillan Children's Books |
| Date of publication, distribution, etc | 2002 |
| 300 ## - PHYSICAL DESCRIPTION | |
| Extent | unpaged. |
| Other physical details | col. ill. |
| Dimensions | 21 cm. |
| 942 ## - ADDED ENTRY ELEMENTS (KOHA) | |
| Source of classification or shelving scheme | |
| Koha item type | Book |
| Withdrawn status | Lost status | Source of classification or shelving scheme | Damaged status | Not for loan | Collection code | Home library | Current library | Shelving location | Date acquired | Total Checkouts | Full call number | Barcode | Checked out | Date last seen | Date checked out | Price effective from | Koha item type |
|---|---|---|---|---|---|---|---|---|---|---|---|---|---|---|---|---|---|
| TEACHERS' RESOURCES | Asian Hope Early Years Library | Asian Hope Early Years Library | Easy Reading | 02/10/2026 | 2 | 623.8 MIT | 210003 | 04/06/2026 | 04/06/2026 | 04/06/2026 | 02/10/2026 | Book |